HTML kapesní přehled

Salvato in:
Dettagli Bibliografici
Autore principale: Honek, Lukáš
Natura: Libro
Lingua:ceco
Pubblicazione: Brno Computer Press 2004
Soggetti:
Tags: Aggiungi Tag
Nessun Tag, puoi essere il primo ad aggiungerne!!

MARC

LEADER 00000nam$a2200000$$$4500
001 0036467
005 20221207102935.8
020 |a 80-722-6958-5 
041 0 |a cze 
044 |a CZ 
245 1 0 |a HTML  |b kapesní přehled  |c Lukáš Honek 
264 1 |a Brno  |b Computer Press  |c 2004 
300 |a 110 s. 
610 2 0 |a jazyky programovacie 
610 2 0 |a kódy 
610 2 0 |a internet 
610 2 0 |a softvér 
610 2 0 |a HTML 
100 1 |a Honek, Lukáš